| 000 | 00734nam a22002177a 4500 | ||
|---|---|---|---|
| 999 |
_c1517 _d1517 |
||
| 003 | AR-CdUCM | ||
| 008 | 190227b ||||| |||| 00| 0 spa d | ||
| 040 |
_aMUNICIPALIDAD PROVINCIAL DEL CUSCO _cBIBLIOTECA MUNICIPAL DEL CUSCO |
||
| 082 |
_a869.58 / _bP26 |
||
| 100 |
_aJosé Pardo del Arco (Juan Cristobal) _95730 |
||
| 245 | _aGidumot / | ||
| 260 |
_aLima : _bIndustrial Gráfica s.a.; _c1964. |
||
| 300 |
_a34 paginas ; _c19 cm. |
||
| 500 | _aDonación familia Nieto. | ||
| 505 | _aRiqueza de la tarde -- Anhelo de cuna -- Respuestas de primavera --Paz y silencio -- El negrito ... | ||
| 650 |
_aPoesias peruanas _95731 |
||
| 650 |
_aSiglo XX _98 |
||
| 650 |
_aEl amor _95732 |
||
| 942 |
_2ddc _cLIBROS |
||
| 945 |
_arum _d2019-02-27 |
||